Folklórnu obec opustil Jozef Karásek

Bibliographic Details
Format: Article
Language:Slovak
PhysicalDescription:Obr.
ISSN:1335-4566
Subjects:

MARC

LEADER 00000nab a2200000 a 4500
001 vtls008411520
003 SK-MaSNL
005 20260305014717.0
008 160322 20051124xo dr er 000 0 slo
038 |a KEVKJB 
040 |a VKJB  |b slo  |c VKJB  |e AACR2 
041 0 |a slo 
044 |a xo  |c SK 
080 |a 784.4  |2 UDC-MRF-SK2 
080 |a 793.31  |2 UDC-MRF-SK2 
080 |a 929 Karásek, Jozef  |2 UDC-MRF-SK2 
245 0 0 |a Folklórnu obec opustil Jozef Karásek  |c [autor] (ato) 
300 |b Obr. 
600 1 7 |a Karásek, Jozef,  |d 1931-2005  |2 kevkjb  |9 1593034 
610 2 7 |a Čarnica (folklórny súbor)  |2 kevkjb  |9 33091 
650 0 7 |a folklórne súbory  |2 kevkjb  |9 28685 
651 7 |a Košice (Slovensko)  |2 kevkjb  |9 18694 
655 7 |a nekrológy  |2 kevkjb  |9 402542 
773 0 |t Košický denník Korzár  |g Roč. VIII, č. 271 (24.11.2005), s. 2  |x 1335-4566 
852 |a KEVKJB  |b KIS3GCP 
958 |a BX 
999 |c 3271021  |d 3272951